| 000 | 00330nam a2200121Ia 4500 | ||
|---|---|---|---|
| 008 | 240731s9999 xx 000 0 und d | ||
| 022 | _a1469-9532 | ||
| 245 | 0 | _aJournal of Intellectual & Developmental Disability | |
| 260 | _bTaylor & Francis | ||
| 856 | _uhttps://www.tandfonline.com/loi/cjid20 | ||
| 942 | _2ddc | ||
| 942 | _cTFEJ | ||
| 999 |
_c77855 _d77855 |
||
| 945 |
_a1 _bMadushi Gamage _c1 _dMadushi Gamage |
||